000 00706nam a2200205 u 4500
005 20240228064158.0
008 141119s2011 r 000 0 eng d
020 _a9788484704317
035 _aUPN01000200817
049 _aI
050 4 _aPZ7
_bZ6.7
100 1 _aZolotow, Charlotte,
_d1915-2013
_936443
245 1 3 _aEl Sr. conejo y el regalo perfecto /
_cCharlotte Zolotow ; il. de Maurice Sendak ; tr. de Macarena Salas.
260 _aBarcelona, Esp. :
_bCorimbo,
_c2011.
300 _a[28] p. :
_bil.
534 _pTítulo original :
_tMr. Rabbit and the lovely present
650 7 _aLiteratura infantil estadounidense
_2
_99173
650 4 _aLibros y lectura para niños
_92290
905 _aInfantil
999 _c172918
_d172918